| 000 | 00910nam a2200193 4500 | ||
|---|---|---|---|
| 001 | 800 | ||
| 005 | 20230410115450.0 | ||
| 008 | 060907n1989 dr spa | ||
| 035 | _9funglode804 | ||
| 041 | _aEN | ||
| 050 | 1 | 4 | _aHD 77.5.L29 K23l 1989 |
| 100 | _aKay, CrÃstobal | ||
| 245 | 1 |
_aLatin American theory of development and underdevelopment / _cCrÃstobal Kay |
|
| 260 |
_aLondon : _bRoutledge, _c1989 |
||
| 300 | _aviii, 295 p. / 21 cm. | ||
| 440 | _aDevelopment and underdevelopment | ||
| 520 | _aThe challenge from the periphery, 1. -- The structuralist school of development, 25. -- Internal colonialism : Ethnic and class relations, 58. -- Marginality : Social relations and capital accumulation, 88. -- Reformist and marxist approaches to dependency, 125. -- Dependency : Debates, critiques, and beyond, 163. -- The latin american contribution in perspective, 197 | ||
| 942 |
_2lcc _cbk |
||
| 999 |
_c41739 _d41739 |
||